Les Pokémon qui ont gagné les Worlds - Statistiques

Statistiques générales
  • Ce quiz a été pris 314 fois
  • Le résultat moyen est 32 sur 57
Statistiques - réponses
Hint Réponse % Correct
2 Kyogre
90%
2 Groudon
88%
1 Pachirisu
88%
2 Démétéros
87%
3 Félinferno
86%
1 Rayquaza
86%
3 Drattak
81%
3 Fulguris
80%
2 Carchacrok
79%
1 Boréas
77%
1 Zacian
77%
1 Miraidon
76%
1 Tyranocif
74%
3 Gaulet
68%
2 Tokopisco
68%
3 Cresselia
67%
1 Ectoplasma
67%
2 Shifours
67%
1 Kangourex
66%
2 Tokorico
66%
1 Gorythmic
65%
1 Flotte mèche
64%
2 Métalosse
63%
2 Farfaduvet
62%
1 Lunala
61%
2 Paume de Fer
61%
2 Heatran
60%
1 Dialga
59%
1 Sylveroy
57%
1 Léviator
55%
1 Raichu
53%
1 Latios
52%
1 Flambusard
51%
2 Trioxhydre
51%
1 Baojian
50%
1 Farigiraf
50%
1 Ogerpon
50%
2 Ronflex
48%
1 Katagami
45%
1 Gardevoir
44%
2 Bétochef
43%
2 Sidérella
42%
1 Terrakium
41%
1 Bamboiselle
40%
1 Motisma
38%
1 Kapoera
36%
1 Archéodong
34%
2 Ludicolo
32%
2 Tritosor
32%
1 Hariyama
27%
1 Ama-Ama
26%
1 Mammochon
26%
1 Pingoléon
26%
1 Crocorible
25%
1 Ossatueur d'Alola
17%
1 Lançargot
14%
1 Coatox
13%
Aucun quiz correspondant
Distribution des résultats
% des personnes avec chaque résultat
Percentile par nombre de réponses
Votre historique - résultats
Vous n’avez pas pris ce quiz